Statistics for Harry Potter Quotes from the Socerer's Stone

Click here to take the quiz!

General Stats

  • This quiz has been taken 69 times
  • The average score is 11 of 17

Answer Stats

Hint Answer % Correct
"My father told me all the Weasleys have red hair, freckles, and more children than they can afford."Draco Malfoy
97%
"Are you sure? You could be great, you know, it's all here in your head, and Slytherin will help you on your way to greatness"The Sorting Hat
93%
"Swish and flick, remember, swish and flick."Filius Flitwick
90%
"But we're not stupid-we know we're called Gred and Forge."George Weasley
86%
"I suppose you added the porcupine quills before taking the cauldron off the fire?"Severus Snape
84%
"She always forgets I don't like corned beef."Ron Weasley
83%
"You're a wizard, Harry."Rubeus Hagrid
76%
"I? I see myself holding a pair of thick, woolen socks."Albus Dumbledore
74%
Flitwick told me in secret that I got a hundred and twelve percent on his exam. They're not throwing me out after that."Hermione Granger
66%
"That was far easier than I thought it would be. I needn't have learned about the 1637 Werewolf Code of Conduct or the uprising of Elfric the Eager."Hermione Granger
62%
"Now, if you two don't mind, I'm going to bed before either of you come up with another clever idea to get us killed, or worse, expelled."Hermione Granger
55%
It does not do to dwell on dreams and forget to live, remember that."Albus Dumbledore
53%
"What an excellent Chaser that girl is, and rather attractive, too"Lee Jordan
48%
"Well, a second's there to take over if you die"Ron Weasley
45%
"There is no good and evil, there is only power and those too weak to see it."Quirinus Quirrel
45%
Books! And cleverness! There are more important things-friendship and bravery."Hermione Granger
43%
"Mars is bright tonight."Ronan and Bane
40%

Score Distribution

Percentile by Number Answered

Percent of People with Each Score

Your Score History

You have not taken this quiz